000 01040nam a22002777a 4500
003 DO-SdBNP
005 20180306140052.0
008 160429b 2000 dr||||| |||| 00| 0 spa d
020 _a9945444506
040 _aBPMSU
_bspa
_cBPMSU
092 _a372.257
_bV335c 7mo. [20--]
100 _aVásquez Güichardo, Julia Mery
245 1 0 _aCiencias de la naturaleza 7 :
_b[educación básica] /
_cJulia Mery Vásquez Güichardo , Andrea Griselda Rincón Ozuna
260 _aSanto Domingo :
_bActualidad escolar 2000
_c2000
300 _a2v. :
_bil. :
_c28 cm
650 4 _aCIENCIAS NATURALES
_xENSEÑANZA BÁSICA
650 4 _aCIENCIAS NATURALES
_xEDUCACIÓN PRIMARIA
650 4 _aCIENCIAS NATURALES
_xLIBROS DE TEXTOS
650 4 _aCIENCIAS NATURALES
_xESTUDIOS Y EJERCICIOS
650 4 _aEDUCACIÓN PRIMARIA
_zREPÚBLICA DOMINICANA
700 1 2 _aRincón Ozuna, Andrea Griselda
910 _aValidado. Control de calidad MFF
942 _2ddc
_cBK
945 _aRemanejado para la BNPHU / 2018 VM
956 _adaysi garcia
999 _c10054
_d10054